|
|
|
|
| LEADER |
00000nam0a2200000 4500 |
| 001 |
287249 |
| 005 |
20231101235954.0 |
| 035 |
|
|
|a (RuTPU)RU\TPU\book\311627
|
| 035 |
|
|
|a RU\TPU\book\281132
|
| 090 |
|
|
|a 287249
|
| 100 |
|
|
|a 20150313d1985 m y0rusy5003 ca
|
| 101 |
1 |
|
|a rus
|c eng
|
| 102 |
|
|
|a RU
|
| 105 |
|
|
|a ac z 001zb
|
| 200 |
1 |
|
|a Роберт Вуд. Современный чародей физической лаборатории. История американского мальчика, который стал самым дерзким и оригинальным экспериментатором наших дней, но так и не вырос
|e пер. с англ.
|f В. Сибрук
|
| 205 |
|
|
|a 5-е изд., испр.
|
| 210 |
|
|
|a Москва
|c Наука
|d 1985
|
| 215 |
|
|
|a 320 с.
|c ил.
|
| 320 |
|
|
|a Список научных публикаций Р. В. Вуда: с. 306-317.
|
| 330 |
|
|
|a Книга В.Сибрука является биографией Роберта Вуда - замечательного американского физика. Р.Вуд завоевал мировую известность своими работами в области физической оптики и давно уже стал легендарной фигурой для физиков всего мира, неповторимым виртуозом и чародеем эксперимента. Гений Вуда состоял в умении ставить необыкновенные задачи и находить для них совершенно оригинальные и вместе с тем поразительно простые решения. В этой книге читатель найдет рассказ не только о чисто научных исследованиях Р.Вуда, но и об его путешествиях, о разгадке тайны пурпурного золота царя Тутанхамона, об участии Вуда в раскрытии преступлений и разоблачении «изобретателей» «N-лучей» и «лучей смерти» и о других не менее интересных вещах.
|
| 600 |
|
1 |
|a Вуд
|b Р. У.
|c американский физик
|c профессор физики университета Дж. Гопкинса
|f 1868-1955
|g Роберт Уильямс (Вильямс)
|2 stltpush
|3 (RuTPU)RU\TPU\pers\23476
|9 10234
|
| 606 |
1 |
|
|a Физика
|x История
|2 stltpush
|3 (RuTPU)RU\TPU\subj\42263
|9 61950
|
| 610 |
1 |
|
|a Америка
|
| 610 |
1 |
|
|a физики
|
| 610 |
1 |
|
|a история
|
| 610 |
1 |
|
|a биографии
|
| 610 |
1 |
|
|a спектроскопия
|
| 610 |
1 |
|
|a физический эксперимент
|
| 610 |
1 |
|
|a 20 век
|
| 610 |
1 |
|
|a 19 век
|
| 675 |
|
|
|a 53(092)
|v 3
|
| 700 |
|
1 |
|a Сибрук
|b В.
|g Вильям
|4 070
|
| 801 |
|
0 |
|a RU
|b 63413507
|c 19950704
|g psbo
|
| 801 |
|
1 |
|a RU
|b 63413507
|c 20140423
|
| 801 |
|
2 |
|a RU
|b 63413507
|c 20170221
|g RCR
|
| 942 |
|
|
|c BK
|